|
|
|
|
| LEADER |
01555nam a2200301 a 4500 |
| 001 |
4080 |
| 003 |
BD-DhAAL |
| 005 |
20150701105431.0 |
| 008 |
150701s2001 bg ab b 001 0 eng |
| 010 |
|
|
|a 2001435808
|
| 020 |
|
|
|a 9843114434
|
| 040 |
|
|
|a DLC
|c DLC
|d DLC
|d BD-DhAAL
|
| 050 |
0 |
0 |
|a QC947
|b .S44 2001
|
| 082 |
|
|
|a 363.738/74095492
|
| 100 |
1 |
|
|a Shahidul Islam, M.
|9 12733
|
| 245 |
1 |
0 |
|a Sea-level changes in Bangladesh :
|b the last ten thousand years /
|c M. Shahidul Islam.
|
| 260 |
|
|
|a Dhaka :
|b Asiatic Society of Bangladesh,
|c 2001.
|
| 300 |
|
|
|a 185 p. :
|b ill., maps ;
|c 25 cm.
|
| 504 |
|
|
|a Includes bibliographical references (p. [155]-175) and index.
|
| 505 |
8 |
|
|a Machine generated contents note: 1. Introduction -- 2. The Coastal Environment of Bangladesh -- 3. The Bay of Bengal -- 4. Sea-level Changes: A Review -- 5. Methods of Reconstruction -- 6. Palaeoenvironmental Records of Bangladesh: Site One -- 7. Palaeoenvironmental Records of Bangladesh: Site Two -- 8. Reconstruction of Holocene Sea-level Changes -- 9. Implications of the Holocene Sea-level Changes: A Discussion -- 10. Summary and Conclusions.
|
| 541 |
|
|
|e 4080
|
| 650 |
|
0 |
|a Climatic changes
|z Bangladesh.
|9 12734
|
| 650 |
|
0 |
|a Sea level
|z Bangladesh.
|9 12735
|
| 650 |
|
0 |
|a Coast changes
|z Bangladesh.
|9 12736
|
| 710 |
2 |
|
|a Asiatic Society of Bangladesh.
|9 7103
|
| 942 |
|
|
|2 ddc
|c BK
|
| 999 |
|
|
|c 34910
|d 34910
|
| 952 |
|
|
|0 0
|1 0
|2 ddc
|4 0
|6 363_738000000000000_74095492_SHA
|7 0
|9 54650
|a SCL
|b SCL
|c GEN
|d 2015-07-01
|g 250.00
|l 0
|o 363.73874095492 SHA
|p 3020004080
|r 2015-07-01
|t 1
|w 2015-07-01
|y BK
|